| 000 | 00585nam a2200253Ia 4500 | ||
|---|---|---|---|
| 008 | 210210b1922 xxu||||| |||| 00| 0 eng d | ||
| 041 | _aeng | ||
| 082 | _a825/1017 | ||
| 100 | _aINGE | ||
| 245 | _aBeing the transactions of the royal society of literature Vol 2 | ||
| 260 |
_aLondon _bOxford University Press _c1922 |
||
| 440 | _a2 | ||
| 650 | _aVol | ||
| 650 | _atransactions | ||
| 650 | _athe | ||
| 650 | _asociety | ||
| 650 | _aroyal | ||
| 650 | _aof | ||
| 650 | _aliterature | ||
| 650 | _aBeing | ||
| 650 | _a2 | ||
| 690 | _aEnglish Criticism | ||
| 906 | _a015332 | ||
| 999 |
_c134692 _d134692 |
||